00466nam a2200193 a 4500001001300000003000900013005001700022008004100039020000900080082001600089100001400105245003100119260003200150300000800182500003500190505001500225650001800240700001400258nice12345678IN_TiNIC20260116011831.0050524s1956 enga grp 000 0 eng  ac1000a912.19bPEN aPenguin,  aPenguin Atlas of the World aEnglandbPenguin Bookc1956 a80p aincludes index and biblioraphy2 aIll, Index aAtlases-World1 aPenguin,